LEADER 01726nas 2200505- 450 001 9910255660203321 005 20190506051013.6 035 $a(OCoLC)746961896 035 $a(CKB)110978977743061 035 $a(CONSER)--2017232030 035 $a(EXLCZ)99110978977743061 100 $a20771110a19769999 --- - 101 0 $aeng 135 $aur||||||||||| 181 $ctxt$2rdacontent 182 $cc$2rdamedia 183 $acr$2rdacarrier 200 00$aAnnals of air and space law 210 1$aMontréal, Canada :$cInstitute of Air and Space Law,$d[1976]- 210 2$aToronto, Canada :$cThe Carswell Company Limited 215 $a1 online resource (volumes) 300 $aRefereed/Peer-reviewed 311 $a0701-158X 517 1 $aAnnales de droit aérien et spatial 606 $aAeronautics$xLaw and legislation$vPeriodicals 606 $aSpace law$vPeriodicals 606 $aAeronautics$xLaw and legislation$2fast$3(OCoLC)fst00798354 606 $aSpace law$2fast$3(OCoLC)fst01127758 606 $aAerospace and defense industries$2galestne 606 $aLaw$2galestne 606 $aMilitary and naval science$2galestne 608 $aPeriodicals.$2fast 610 0 $aAerospace and defense industries$aLaw$aMilitary and naval science 615 0$aAeronautics$xLaw and legislation 615 0$aSpace law 615 7$aAeronautics$xLaw and legislation. 615 7$aSpace law. 615 7$aAerospace and defense industries. 615 7$aLaw. 615 7$aMilitary and naval science. 712 02$aMcGill University.$bInstitute of Air and Space Law, 906 $aJOURNAL 912 $a9910255660203321 996 $aAnnals of air and space law$9801002 997 $aUNINA